000 00644nam a2200253Ia 4500
003 OSt
005 20221007072626.0
006 a|||||r|||| 00| 0
007 ta
008 221006b |||||||| |||| 00| 0 eng d
024 _a4,236
037 _cTextual
040 _aFLL
_cFLL
_beng
041 _2eng
_aeng
082 _aZ3,6, P0
100 _aMorris J.H.C.
_9690458
245 0 _aConflict of laws
250 _a5th
260 _aLondon
_bSweet & maxwell ltd India
_c2000
300 _alxxiv592
_ccm.
650 _aConflict of laws
_9691085
942 _hZ3,6, P0
_cTEXL
_2CC
999 _c1146569
_d1146569